Young man : (Record no. 838)
[ view plain ]
| 000 -LEADER | |
|---|---|
| fixed length control field | 00732cam a22002292 4500 |
| 001 - CONTROL NUMBER | |
| control field | 0000009373 |
| 005 - DATE AND TIME OF LATEST TRANSACTION | |
| control field | 20151021151121.0 |
| 008 - FIXED-LENGTH DATA ELEMENTS--GENERAL INFORMATION | |
| fixed length control field | 081008s xx 000 0 eng d |
| 020 ## - INTERNATIONAL STANDARD BOOK NUMBER | |
| International Standard Book Number | 1904685293 : |
| Terms of availability | KES 2,000 |
| 040 ## - CATALOGING SOURCE | |
| Original cataloging agency | KABU |
| Transcribing agency | KABU |
| 050 #0 - LIBRARY OF CONGRESS CALL NUMBER | |
| Classification number | HQ27.3 |
| Item number | .G35 2007 |
| 100 1# - MAIN ENTRY--PERSONAL NAME | |
| Personal name | Gallagher, Jonathan. |
| -- | 0000160659 |
| 245 10 - TITLE STATEMENT | |
| Title | Young man : |
| Remainder of title | a young man's guide to teenage sexuality / |
| Statement of responsibility, etc. | Jonathan and Ana Gallagher. |
| 250 ## - EDITION STATEMENT | |
| Edition statement | Rev. ed. |
| 260 ## - PUBLICATION, DISTRIBUTION, ETC. (IMPRINT) | |
| Place of publication, distribution, etc. | Grantham, England : |
| Name of publisher, distributor, etc. | The Stanborough Press, |
| Date of publication, distribution, etc. | 2007. |
| 300 ## - PHYSICAL DESCRIPTION | |
| Extent | 183 p. |
| 650 #0 - SUBJECT ADDED ENTRY--TOPICAL TERM | |
| Topical term or geographic name as entry element | Boys |
| General subdivision | sexual behaviour. |
| -- | 0000160660 |
| 700 1# - ADDED ENTRY--PERSONAL NAME | |
| Personal name | Gallagher, Ana. |
| -- | 0000160661 |
| 908 ## - PUT COMMAND PARAMETER (RLIN) | |
| Put command parameter | 081008 |
| 950 ## - LOCAL HOLDINGS (RLIN) | |
| -- | 1 |
| Withdrawn status | Lost status | Source of classification or shelving scheme | Not for loan | Home library | Current library | Date acquired | Total Checkouts | Full call number | Barcode | Date last seen | Price effective from | Koha item type |
|---|---|---|---|---|---|---|---|---|---|---|---|---|
| Library of Congress Classification | Kabarak, Nakuru City Campus | Kabarak, Nakuru City Campus | 21/10/2015 | HQ27.3 .G35 2007 c. 1 | 005833 | 21/10/2015 | 21/10/2015 | General Collection |